000 00578nam a22001935i 4500
001 13353
003 ES-MaACL
005 20230906150543.0
007 t|
008 920728s1992 sp ||||0| spa j
020 _a84-85638-10-7
040 _aM-BN
_bspa
_cM-BN
080 _a860-14"19"
100 1 _aFernández del Cacho, José.
_949728
245 1 0 _aCoraje de ser
_b: adagios y poemas /
_cJosé Fernández del Cacho.
260 _aMadrid :
_bEl Pasionario,
_c[1992]
300 _a113 p. ;
_c22 cm.
852 _aES-MaACL
_jL-20722
_bR.126221
_q. - Firma autógr. del autor
999 _c13353
_d13353